Comuni della Provincia di Vercelli - Statistics

Statistiche generali
  • Questo quiz è stato fatto 67 volte
    3 dall'ultimo reset
  • Il punteggio medio è 62 su 82
Statistiche sulle risposte
Comune % Corretto
Alagna Valsesia
100%
Albano Vercellese
100%
Arborio
100%
Asigliano Vercellese
100%
Borgosesia
100%
Borgo Vercelli
100%
Caresana
100%
Caresanablot
100%
Casanova Elvo
100%
Collobiano
100%
Crescentino
100%
Desana
100%
Gattinara
100%
Ghislarengo
100%
Greggio
100%
Lenta
100%
Livorno Ferraris
100%
Olcenengo
100%
Prarolo
100%
Rassa
100%
Rossa
100%
Rovasenda
100%
Sali Vercellese
100%
San Germano Vercellese
100%
San Giacomo Vercellese
100%
Santhià
100%
Scopa
100%
Scopello
100%
Serravalle Sesia
100%
Stroppiana
100%
Tricerro
100%
Trino
100%
Varallo
100%
Vercelli
100%
Alice Castello
67%
Balocco
67%
Bianzè
67%
Boccioleto
67%
Borgo d'Ale
67%
Buronzo
67%
Campertogno
67%
Carcoforo
67%
Carisio
67%
Cigliano
67%
Civiasco
67%
Costanzana
67%
Crova
67%
Fobello
67%
Fontanetto Po
67%
Formigliana
67%
Lamporo
67%
Lignana
67%
Lozzolo
67%
Mollia
67%
Moncrivello
67%
Motta de' Conti
67%
Oldenico
67%
Palazzolo Vercellese
67%
Pertengo
67%
Pezzana
67%
Pila
67%
Piode
67%
Quinto Vercellese
67%
Rive
67%
Ronsecco
67%
Salasco
67%
Saluggia
67%
Tronzano Vercellese
67%
Valduggia
67%
Villarboit
67%
Villata
67%
Alto Sermenza
33%
Balmuccia
33%
Cellio con Breia
33%
Cervatto
33%
Cravagliana
33%
Guardabosone
33%
Postua
33%
Quarona
33%
Rimella
33%
Roasio
33%
Vocca
33%
Nessun quiz corrispondente trovato
Distribuzione punteggi
Percentuale di utenti per punteggio
Percentile per numero di risposta
I tuoi punteggi nel tempo
Non hai fatto questo quiz dall'ultimo reset